01687cam a22002535a 4500999001700000005001700017008004100034020001800075040003800093082002200131100002300153245005500176260006000231300003600291504005100327520068700378650006001065650005901125650005801184651001001242653002201252942000801274952015101282 c27337d2730820190415112922.0170502t2018 flua frbf 001 0 eng d a9781498763417 aDLCbengcDLCdEG-ScBUEdEG-ScBUE04a620.0042bRIC2221 aRichards, Keith L.10aDesign engineer's sourcebook /cKeith L. Richards. aBoca Raton :bCRC Press / Taylor and Francis, cc.2018. axxxv, 1182 p. :bill. ;c24 cm. aIncludes bibliographical references and index. aDesign Engineer's Sourcebook provides a practical resource for engineers, product designers, technical managers, students, and others needing a design-oriented reference. This volume covers the mathematics, mechanics, and materials properties needed for analysis and design, with numerous examples. A wide range of mechanical components and mechanisms are then covered, with case studies interspersed to show real engineering practice. Manufacturing is then surveyed, in the context of mechanical design. The book concludes with information on clutches, brakes, transmission and other topics important for vehicle engineering. Tables, figures and charts are included for reference.  7aMechanical engineeringvHandbooks, manuals, etc.2BUEsh 7aMachine designvHandbooks, manuals, etc.2BUEsh917776 7aMechanical movementsvHandbooks, manuals, etc.2BUEsh 2BUEsh bENGMECcApril2019 2ddc 00102ddc40708AlahramaMAINbMAINc0THd2019-04-01ePurchaseg2549.00h524l0o620.0042 RICp000043306r2025-07-15 00:00:00v3186.25yREFERENCE